| 000 | 00975nam0a2200265 4500 | ||
|---|---|---|---|
| 001 | RU\NLR\BIBL_A\012088675 | ||
| 005 | 20250623204707.0 | ||
| 010 | _915050 | ||
| 035 | _a(NLR Aleph) 012088675 | ||
| 090 |
_a13296571 _c13296571 |
||
| 100 | _a20190906d1953 |||y0rusy50 ca | ||
| 101 | 1 |
_akir _brus _cdun _cger |
|
| 102 | _aKG | ||
| 105 | _ay z 000gy | ||
| 200 | 1 |
_aТандалган чыгармалар _e(ырлар, поэмалар жана котормолор) _fЖусуп Турусбеков |
|
| 210 |
_aФрунзе _cКыргызмамбас _d1953 |
||
| 215 |
_a218,[1] c. _d20 |
||
| 541 | 1 |
_6z01790 _aИзбранные произведения _e(стихи, поэмы и переводы) _zrus |
|
| 686 | 1 | _aШ6(2=Ки)-91Р-5 | |
| 700 | 1 |
_aТурусбеков _bЖ. _f1910-1943 _gЖусуп _4070 |
|
| 790 | 1 |
_6z01541 _aТурусбеков _bЮ. _f1910-1943 _gЮсуп _4070 |
|
| 852 |
_aNLR _bОНЛ _jКирг./2-1717 |
||
| 942 | _cBOOK | ||
| 980 | _aNB | ||